Plan Quinquenal del Libro y la Lectura República Dominicana 2007-2012 (Registro nro. 14440)

Detalles MARC
000 -LIDER
fixed length control field 01987nam a2200265 a 4500
001 - NÚMERO DE CONTROL
Identificador de número de control 000000454
003 - IDENTIFICACDOR DE NÚMERO DE CONTROL
control field DO-SdBNP
005 - DATE AND TIME OF LATEST TRANSACTION
control field 20230721121116.0
008 - ELEMENTOS DE LONGITUD FIJA
fixed length control field 081112s2007 dr 000 0 spa d
040 ## - FUENTE DE CATALOGACIÓN
Agencia que crea de manera original el registro DO-SdBNP
Idioma de catalogación spa
Agencia que realiza la transcripción BPMSU
082 ## - NÚMERO DE CLASIFICACIÓN DECIMAL DE DEWEY
Classification number 028.907293
Item number R426p 2007
Edition number 22
110 2# - ASIENTO PRINCIPAL--NOMBRE CORPORATIVO
Nombre corporativo o de jurisdicción República Dominicana.
Unidad subordinada Secretaría de Estado de Cultura
245 10 - MENCIÓN DE TITULO
Título Plan Quinquenal del Libro y la Lectura República Dominicana 2007-2012
Subtítulo
260 ## - PUBLICACIÓN, DISTRIBUCIÓN, ETC. (PIE DE IMPRENTA)
Lugar de publicación, distribución, etc Santo Domingo :
Nombre del editor, distribuidor, etc. Búho,
Fecha de publicación, distribución, etc 2007.
300 ## - DESCRIPCIÓN FÍSICA
Extensión 138 p. ;
Dimensiones 23 cm.
490 0# - MENCIÓN DE SERIES
Materiales especificados Hacia un país de lectores
500 ## - NOTA GENERAL
Materiales especificados Año del libro y la lectura. Hacia un país lectores
505 0# - NOTA DE CONTENIDO
Texto normalizado de contenido Presentación -- I. Plan del libro y la lectura -- II.El plan estratégico -- III. Plan táctico -- IV. Plan operativo -- V. Operativización de los ejes tácticos y estratégicos con sus planes y proyectos -- Programas y proyectos del eje No.1 -- Eje estratégico I -- Programa1: fomento de la lectura -- Programa 2: expansión y sostenibilidad del rol del sistema nacional de talleres literarios -- Programa 3: realización de ferias internacionales y regionales del libro -- Programa 4: formación en valores sobre el libro y la lectura -- Programas y proyectos del eje No. II -- Programa 1: creación, habilitación y fortalecimiento institucional del Sistema de Bibliotecas Públicas. -- Programas y proyectos del eje No. III -- Programa 1: expansión y sostenibilidad de un fondo financiero editorial para el desarrollo de la industria del libro físico y virtual en la República Dominicana -- Programas y proyectos del eje No. IV -- Programa 1: campaña nacional de promoción del libro y la lectura -- Bibliografía.
590 ## - NOTA LOCAL
Enlace Inventariado, 2023/VM
650 #4 - ENCABEZAMIENTO DE MATERIA--TEMÁTICO
Término temático o nombre geográfico como elemento de entrada Libros y lectura
Subdivisión geográfica República Dominicana
Subdivisión cronológica 2007-2012
650 #4 - ENCABEZAMIENTO DE MATERIA--TEMÁTICO
Término temático o nombre geográfico como elemento de entrada Promoción cultural
Subdivisión geográfica República Dominicana
Subdivisión cronológica 2007-2012
650 #4 - ENCABEZAMIENTO DE MATERIA--TEMÁTICO
Término temático o nombre geográfico como elemento de entrada Libros y lectura
Subdivisión temática general Política gubernamental
Subdivisión geográfica República Dominicana
910 ## - VALIDACIÓN
Validación VMateo V. Control de calidad. BPMSU
942 ## - ADDED ENTRY ELEMENTS (KOHA)
Source of classification or shelving scheme Dewey Decimal Classification
Koha item type Libros
Existencias
Withdrawn status Lost status Source of classification or shelving scheme Damaged status Not for loan Collection code Home library Current library Date acquired Total Checkouts Full call number Barcode Date last seen Price effective from Koha item type Copy number
    Dewey Decimal Classification     Colección Dominicana Biblioteca Pública Metropolitana Salomé Ureña Biblioteca Pública Metropolitana Salomé Ureña 07/21/2023   BPMSU CD 028.907293 R426p 2007 BPMSU23070056 07/21/2023 07/21/2023 Libros  
    Dewey Decimal Classification     Colección Dominicana Biblioteca Pública Metropolitana Salomé Ureña Biblioteca Pública Metropolitana Salomé Ureña 07/21/2023   BPMSU CD 028.907293 R426p 2007 BPMSU23070057 07/21/2023 07/21/2023 Libros e.2
    Dewey Decimal Classification     Colección Dominicana Biblioteca Pública Metropolitana Salomé Ureña Biblioteca Pública Metropolitana Salomé Ureña 07/21/2023   BPMSU CD 028.907293 R426p 2007 BPMSU23070058 07/21/2023 07/21/2023 Libros e.3